000
00298nam a22001337a 4500
003
SGT
082
_a
615
_b
H14K
100
_a
KUMAR,ABHIMANYU,ED
245
_a
HERBAL WEALTH OF UTTARAKHAND
260
_a
DELHI
_b
MINISTRY OF AYUSH
_c
2014
300
_a
536
650
_a
AYURVEDA HARBAL
942
_2
ddc
_c
BK
999
_c
8652
_d
8652